| 000 | 00581nam a2200193 c 4500 | ||
|---|---|---|---|
| 003 | OSt | ||
| 005 | 20150109153231.0 | ||
| 008 | 111116s1971 slv spa | ||
| 040 |
_aSpMaBN _bspa _cBMC _erdc |
||
| 082 | _a833 | ||
| 100 | 1 |
_aGoethe, Johann Wolfgang von _d1749-1832 _943 |
|
| 245 | 1 | 0 |
_aWerther _cGoethe ; prólogo de Carmen Bravo Villasante |
| 260 |
_aNavarra _bSalvat _c1971 |
||
| 300 |
_a173 p., 1 h. _c19 cm |
||
| 490 |
_aBiblioteca Básica Salvat _v10 |
||
| 650 | 2 | 4 |
_929298 _aNovela alemana |
| 700 | 1 |
_929299 _aBravo-Villasante, Carmen _d1918-1994 |
|
| 942 |
_2ddc _cBK |
||
| 999 |
_c16445 _d16445 |
||